| 000 | 00522nam a22001817a 4500 | ||
|---|---|---|---|
| 003 | CEME | ||
| 005 | 20210628204053.0 | ||
| 008 | 210111b xxu||||| |||| 00| 0 eng d | ||
| 020 | _a9781596933859 | ||
| 040 | _cceme | ||
| 082 | _a621.30151 GAR | ||
| 100 |
_aGarg, Ramesh _968575 |
||
| 245 | _aAnalytical and computational methods in electromagnetics | ||
| 260 |
_aLONDON _bARTECH HOUSE _c2008 |
||
| 300 | _aXIII, 528P | ||
| 650 |
_aCOMPUTATIONAL METHODS IN ELECTROMAGNETICS.ELECTROMAGNETICS _968576 |
||
| 942 |
_cBK _2ddc |
||
| 999 |
_c576116 _d576116 |
||